000 00629nam a22002057a 4500
005 20251108175948.0
008 250721s2009 xx 000 0 ara d
082 1 4 _aط/ق/فير
100 1 _aفيرن، جول
245 1 0 _a20000 فرسخ تحت الماء /
264 1 _aالجيزة :
_bدار الفاروق،
_c2009.
300 _a61ص.
490 0 _aالسلسلة العالمية للروائع الادبية
650 1 7 _aالادب المترجم
650 1 7 _aادب الاطفال
650 1 7 _aالروايات
653 _aناشئون صغار (10-14)سنة
942 _2ddc
_cBK
999 _c146530
_d146530